Δασική εδαφολογία

Αποθηκεύτηκε σε:
Λεπτομέρειες βιβλιογραφικής εγγραφής
Κύριος συγγραφέας: Τάντος, Βύρων
Άλλοι συγγραφείς: Παπαϊωάννου, Αθανάσιος
Μορφή: Βιβλίο
Γλώσσα:Greek
Δημοσίευση: Αθήνα : Παπασωτηρίου, 2006
Θέματα:
Ετικέτες: Προσθήκη ετικέτας
Δεν υπάρχουν, Καταχωρήστε ετικέτα πρώτοι!

MARC

LEADER 00000nam a2200000 i 4500
001 1/104905
008 090511s2006 gre d
020 |a 960-7530-76-4 
035 |l 10104610 
040 |a GR-MY-UA  |b gre  |e aacr 
041 0 |a gre 
082 0 |a 634.95  |2 (22) 
100 1 |a Τάντος, Βύρων. 
245 1 0 |a Δασική εδαφολογία /  |c Βύρων Τάντος, Αθανάσιος Παπαϊωάννου 
260 |a Αθήνα :   |b Παπασωτηρίου,   |c 2006 
300 |a 154 σ.;  |b εικ.;  |c 24 εκ. 
504 |a Βιβλιογραφία: σ. [151]-154 
650 0 0 |a Forest soils. 
700 1 |a Παπαϊωάννου, Αθανάσιος. 
852 |a INST  |b LESVOS  |e 20090511  |h 634.95 ΤΑΝ  |p 005100045006  |q 005100045006  |t BK  |y 0 
901 |a BIBL1-2009-2 
909 |a Λ  |b 146103 
922 |a 1ΕΛΗ  |b 200802  |c ΕΠΕΑΕΚ2/ΤΠ  |d Σ. ΠΑΤΑΚΗΣ 
970 |a ΚΑΡΑ  |b ΓΙΑΣΕΜΗ  |z 2009/05/11